01344nab a22002537a 4500999001500000003000400015005001700019008004100036040000700077100003900084245014800123260004200271300001300313500003600326505033500362505008900697650002600786650004000812650003100852650003200883650004200915773012000957942001301077 c6579d6579OSt20260225133442.0190506c xxu||||| |||| 00| 0 spa d cPJ 96814aSala Sarmiento, Cristian M. 10aAnálisis económico y jurídico del art. 12 de la Ley de Riesgos del Trabajo. ¿Una luz al final del camino? /cCristian M. Sala Sarmiento. aBuenos Aires :bAbeledoPerrot,c2025. ap. 17-24 aCita: TR LALEY AR/DOC/541/2025. aSumario: I. Introducción.— II. Desarrollo del tema.— III. El ingreso base mensual. No necesidad de declarar la inconstitucionalidad del art. 12, LRT.— IV. Comparación económica con la aplicación de las normas involucradas sobre el apart. 2°, art. 12 de la LRT. Línea de tiempo. Casos testigos.— V. Conclusiones. t¿Te interesa el texto completo? Comunicate al correo: koha@justierradelfuego.gov.ar 091316aDERECHO LABORAL 091482aLEY SOBRE RIESGOS DEL TRABAJO 094425aACCIDENTE IN ITINERE 091417aACCIDENTES DE TRABAJO 094318aINDEMNIZACIÓN POR INCAPACIDAD0 0275193202dBuenos Aires : AbeledoPerrot, 2013-tRevista de derecho laboral y seguridad social. Nº 8 - Abril 2025 2udccANA